Normal view
MARC view
- Cost accounting
Entry Topical Term
001 - CONTROL NUMBER
- control field: 44635
003 - CONTROL NUMBER IDENTIFIER
- control field: NUST
005 - DATE AND TIME OF LATEST TRANSACTION
- control field: 20210314133023.0
008 - FIXED-LENGTH DATA ELEMENTS
- fixed length control field: 210314|| aca||aabn | a|a d
040 ## - CATALOGING SOURCE
- Original cataloging agency: NUST
- Transcribing agency: NUST
150 ## - HEADING--TOPICAL TERM
- Topical term or geographic name entry element: Cost accounting
670 ## - SOURCE DATA FOUND
- Source citation: Work cat.: (NUST): Shillinglaw, Gordon. 44634, Cost accounting, analysis and control., 1972.
